Regional geology of Henan Province /
Saved in:
| Corporate Author: | |
|---|---|
| Format: | Book |
| Language: | English |
| Published: |
Beijing :
Geological Publishing House,
[1989]
|
| Series: | Geological memoirs.
no. 17 |
| Subjects: | |
| Tags: |
Add Tag
No Tags, Be the first to tag this record!
|
| LEADER | 01476nam a2200325 a 4500 | ||
|---|---|---|---|
| 001 | MIU01-008564506 | ||
| 003 | MiU | ||
| 005 | 20100902152614.0 | ||
| 008 | 100902s1989 cc bd r 000 0 eng | ||
| 020 | |a 7116002480 | ||
| 020 | |a 9787116002487 | ||
| 035 | |a (OCoLC)660171102 | ||
| 035 | |a (OCoLC)ocn660171102 | ||
| 038 | |a MiU | ||
| 040 | |a EYM |c EYM | ||
| 041 | 0 | |a eng | |
| 043 | |a a-cc-ho | ||
| 049 | |a EYMv | ||
| 090 | |a QE294 |b H46 1989 | ||
| 245 | 0 | 0 | |a Regional geology of Henan Province / |c bureau of geology and mineral resources of Henan Province. |
| 260 | |a Beijing : |b Geological Publishing House, |c [1989] | ||
| 300 | |a 51 p. : |b charts ; |c 28 cm. + |e 2 maps. | ||
| 440 | 0 | |a Geological memoirs. |n series 1 ; |v no. 17 | |
| 500 | |a Photocopy of "brief text," pp. 722-772 from Henan Sheng qu yu di zhi zhi. | ||
| 500 | |a Maps col. photocopies, reduced 43%. | ||
| 500 | |a Maps in Chinese with Chinese and English legend. | ||
| 588 | |a This bibliographic record is available under the Creative Commons CC0 public domain dedication. The University of Michigan Libraries, as creator of this bibliographic record, has waived all rights to it worldwide under copyright law, including all related and neighboring rights, to the extent allowed by law. | ||
| 650 | 0 | |a Geology |z China |z Henan Sheng |v Maps. | |
| 710 | 1 | |6 880-01 |a Henan Sheng (China). |b Di zhi kuang chan ju. |t Henan Sheng qu yu di zhi zhi. | |
| 880 | 1 | |6 710-01/ |a 河南省 (China). |b 地质矿产局. |t 河南省区域地质志. | |


